[Event "Amager Aabne Klubmesterskab 2014"]
[Site "Sundbyoster"]
[Date "2014.02.04"]
[Round "1"]
[White "Furberg, Jacob Kjaerulff"]
[Black "Svensson, John Michael"]
[Result "0-1"]
[WhiteElo "1200"]
[BlackElo "1563"]
[PlyCount "98"]
[EventDate "2014.??.??"]

1. e4 d6 2. d4 Nf6 3. Nc3 g6 4. Bg5 Bg7 5. Nf3 Bg4 6. h3 Bd7 7. e5 Ng8 8. Bc4
Qc8 9. O-O e6 10. Qd2 d5 11. Bd3 Nc6 12. Qf4 h6 13. Bf6 Bxf6 14. exf6 g5 15.
Qg3 Nxf6 16. Nb5 Kd8 17. Ne5 Rf8 18. Rfe1 a6 19. Na3 Nxd4 20. c3 Nc6 21. Qf3
Ke7 22. Rad1 Nxe5 23. Rxe5 Bc6 24. Rde1 Nd7 25. Rf5 Qe8 26. Qe3 Kd8 27. Qd4 b5
28. b3 Qe7 29. b4 Kc8 30. Qg7 Qd6 31. Rxf7 Rxf7 32. Qxf7 Ne5 33. Qh7 Nxd3 34.
Qxd3 Kb7 35. Nc2 e5 36. Qe3 Re8 37. g3 Qg6 38. Re2 d4 39. cxd4 exd4 40. Qd2
Rxe2 41. Qxe2 d3 42. Qd2 dxc2 43. Kf1 Qe4 44. f3 Qxf3+ 45. Ke1 Qe4+ 46. Kf1
Qc4+ 47. Kf2 Qxa2 48. h4 gxh4 49. gxh4 Qb2 0-1

[Event "Amager Aabne Klubmesterskab 2014"]
[Site "Sundbyoster"]
[Date "2014.02.04"]
[Round "1"]
[White "Holmberg, Thomas"]
[Black "Gram, Mathias Laerkegaard"]
[Result "0-1"]
[WhiteElo "1178"]
[BlackElo "1501"]
[PlyCount "46"]
[EventDate "2014.??.??"]

1. d3 e5 2. e4 Nc6 3. Be3 Nf6 4. f3 Bb4+ 5. c3 Ba5 6. Nd2 Bb6 7. Bxb6 axb6 8.
Ne2 O-O 9. f4 d5 10. fxe5 Nxe5 11. Nf4 Re8 12. Be2 dxe4 13. dxe4 Bg4 14. Bxg4
Nexg4 15. Qe2 Qd6 16. O-O Rad8 17. Rad1 Qc5+ 18. Kh1 Qe3 19. Qxe3 Nxe3 20. Rfe1
Nxd1 21. Rxd1 Nxe4 22. Kg1 Nxd2 23. Kf2 Ne4+ 0-1

[Event "Amager Aabne Klubmesterskab 2014"]
[Site "Sundbyoster"]
[Date "2014.02.04"]
[Round "1"]
[White "Nielsen, Bjorn"]
[Black "Oftedal, Simon Manuel"]
[Result "0-1"]
[WhiteElo "1081"]
[BlackElo "1389"]
[PlyCount "134"]
[EventDate "2014.??.??"]

1. e4 e6 2. e5 d5 3. exd6 Bxd6 4. d4 Nf6 5. Be3 Nbd7 6. Nf3 Nd5 7. Bg5 Be7 8.
Bxe7 Qxe7 9. c3 O-O 10. Be2 e5 11. O-O e4 12. Ne5 Nxe5 13. dxe5 Qxe5 14. Qd4
Qe6 15. Na3 Nf4 16. Bc4 Qg6 17. g3 Bg4 18. Rfe1 Bf3 19. Bf1 Qf5 20. Nc4 Nh3+
21. Bxh3 Qxh3 22. Ne3 f5 23. Rad1 Rf6 24. Qc4+ Kh8 25. Qf1 Qh5 26. h4 f4 27.
Rd5 Qh6 28. Qh3 fxe3 29. Rxe3 Rd6 30. c4 Rad8 31. Rxf3 exf3 32. Qf5 Rxd5 33.
cxd5 Qf6 34. Qd3 h5 35. Qd2 c6 36. Kh2 Rxd5 37. Qb4 Rb5 38. Qe1 Qf7 39. b3 g5
40. Qc3+ Kh7 41. Qd3+ Kg8 42. Qd8+ Qf8 43. Qd4 Qc5 44. Qd8+ Kf7 45. Qd7+ Kf6
46. hxg5+ Kxg5 47. Qd2+ Kf6 48. Qh6+ Kf7 49. Qf4+ Qf5 50. Qc4+ Rd5 51. Qb4 b5
52. Qe1 Qc2 53. Qe3 Qxa2 54. Qxf3+ Ke7 55. Qe4+ Kd6 56. Qf4+ Kc5 57. Qe3+ Kb4
58. Kg2 Qxb3 59. Qxa7 c5 60. Qe7 Rd1 61. Qh4+ Qc4 62. Qxh5 Qd5+ 63. Qxd5 Rxd5
64. g4 c4 65. Kg3 c3 66. f4 c2 67. g5 c1=Q 0-1

[Event "Amager Aabne Klubmesterskab 2014"]
[Site "Sundbyoster"]
[Date "2014.02.04"]
[Round "1"]
[White "Petersen, Albert Emil Lyng"]
[Black "Madsen, Michael Leerberg"]
[Result "0-1"]
[WhiteElo "1463"]
[BlackElo "1162"]
[PlyCount "68"]
[EventDate "2014.??.??"]

1. e4 c5 2. Nf3 d6 3. Bc4 e6 4. Nc3 Nc6 5. d4 cxd4 6. Nxd4 g6 7. Nxc6 bxc6 8.
Qd4 e5 9. Qd3 Nf6 10. Bg5 h6 11. Bh4 g5 12. Bg3 Nh5 13. Qf3 Nf4 14. Bxf4 gxf4
15. Qh5 Qf6 16. O-O-O Rg8 17. Qf3 Bg4 18. Qd3 Bxd1 19. Bb5 Rc8 20. Rxd1 Qd8 21.
Nd5 Bg7 22. Ba4 Qa5 23. Qh3 Qd8 24. Qd3 Bf8 25. Qa6 Be7 26. Nxe7 Kxe7 27. Qxa7+
Rc7 28. Qb6 Rxg2 29. h3 Rh2 30. Rd3 c5 31. Rf3 Kf8 32. Bb3 c4 33. Bxc4 Kg7 34.
Bb3 Rxc2+ 0-1

[Event "Amager Aabne Klubmesterskab 2014"]
[Site "Sundbyoster"]
[Date "2014.02.04"]
[Round "1"]
[White "Petersen, Nils"]
[Black "Brorsen, Kristian"]
[Result "1-0"]
[WhiteElo "1852"]
[BlackElo "1225"]
[PlyCount "39"]
[EventDate "2014.??.??"]

1. c4 e5 2. g3 Nc6 3. Nc3 d6 4. Bg2 Bf5 5. e4 Bg6 6. Nge2 Nf6 7. d3 Be7 8. h3
h5 9. Be3 h4 10. g4 Nd7 11. Qd2 Nc5 12. Nd5 a6 13. f4 exf4 14. Nexf4 Bh7 15.
Qc3 f6 16. Bxc5 dxc5 17. Ne6 Qd6 18. Nexc7+ Kd7 19. Nxa8 Rxa8 20. Nb6+ 1-0

[Event "Amager Aabne Klubmesterskab 2014"]
[Site "Sundbyoster"]
[Date "2014.02.04"]
[Round "1"]
[White "Stanislaus, Johann"]
[Black "Madsen, Jon Aslak"]
[Result "1-0"]
[WhiteElo "1651"]
[BlackElo "1200"]
[PlyCount "69"]
[EventDate "2014.??.??"]

1. d4 d5 2. g3 Nc6 3. Bg2 Nf6 4. Nf3 Bf5 5. O-O e6 6. a3 Bd6 7. Nbd2 O-O 8. c4
Ne4 9. e3 Nxd2 10. Nxd2 Bd3 11. Re1 dxc4 12. Qa4 e5 13. d5 Ne7 14. Nxc4 e4 15.
Nxd6 cxd6 16. Bxe4 Bxe4 17. Qxe4 Qa5 18. Rd1 Rfe8 19. b4 Qc7 20. Bb2 a5 21. Qd4
Nf5 22. Qd3 g6 23. Rac1 Qb6 24. b5 Nxe3 25. Bd4 Nxd1 26. Bxb6 Re1+ 27. Kg2 Ne3+
28. Bxe3 Rxc1 29. Bxc1 h5 30. Qd4 Kh7 31. Qf4 Kg7 32. Bb2+ f6 33. Qxf6+ Kh6 34.
h4 Re8 35. Qg7# 1-0

[Event "Amager Aabne Klubmesterskab 2014"]
[Site "Sundbyoster"]
[Date "2014.02.04"]
[Round "1"]
[White "Tronning, Mark Philip"]
[Black "Sdun, Martin Ulrik"]
[Result "1-0"]
[WhiteElo "1341"]
[BlackElo "1200"]
[PlyCount "95"]
[EventDate "2014.??.??"]

1. d4 d5 2. c4 e6 3. e3 Bb4+ 4. Nc3 Nf6 5. Bd3 Bd7 6. Bd2 Nc6 7. Nge2 dxc4 8.
Bxc4 O-O 9. O-O Re8 10. Rc1 Bd6 11. Ng3 Ne7 12. Nge4 Nxe4 13. Nxe4 Bc6 14. Nxd6
Qxd6 15. a3 Rad8 16. Bb4 Qd7 17. Qc2 Bb5 18. Bxb5 Qxb5 19. Qxc7 Nd5 20. Qc5
Qxc5 21. Bxc5 b6 22. Bb4 Nxb4 23. axb4 Rc8 24. Rc3 Rxc3 25. bxc3 Rc8 26. Rc1
Kf8 27. f4 Ke7 28. Kf2 Kd6 29. e4 f5 30. e5+ Kd5 31. Ke3 g6 32. Kd3 b5 33. Ra1
Rc7 34. Ra6 Rd7 35. Ra5 Kc6 36. Ra6+ Kd5 37. g3 h6 38. h3 g5 39. fxg5 hxg5 40.
h4 gxh4 41. gxh4 f4 42. h5 f3 43. Rd6+ Rxd6 44. exd6 Kxd6 45. Ke3 Ke7 46. Kxf3
Kf6 47. Kg4 Kf7 48. Kg5 1-0

[Event "Amager Aabne Klubmesterskab 2014"]
[Site "Sundbyoster"]
[Date "2014.02.04"]
[Round "1"]
[White "Yazdanyar, Daryousch"]
[Black "Gade, Jens"]
[Result "0-1"]
[WhiteElo "1200"]
[BlackElo "1320"]
[PlyCount "100"]
[EventDate "2014.??.??"]

1. d4 d5 2. c4 c6 3. Nf3 Nf6 4. e3 Bg4 5. Nbd2 Ne4 6. Qb3 Qc7 7. Bd3 Nxd2 8.
Nxd2 e6 9. h3 dxc4 10. Nxc4 Bh5 11. a4 Be7 12. O-O O-O 13. Bd2 Nd7 14. Rac1
Rac8 15. Qc2 Bg6 16. Bxg6 hxg6 17. Bc3 c5 18. b3 b6 19. Qb2 Bf6 20. Nd2 Qb7 21.
f3 cxd4 22. Bxd4 Bxd4 23. Qxd4 Rfd8 24. Rxc8 Qxc8 25. Qc4 Qxc4 26. Nxc4 Nc5 27.
a5 b5 28. Na3 Nxb3 29. Nxb5 a6 30. Nc7 Rd6 31. e4 Rc6 32. Rb1 Nxa5 33. Ra1 Nb3
34. Ra3 Nc5 35. Na8 Kf8 36. Kf2 Ke8 37. Ke3 e5 38. Ra5 Kd8 39. Nb6 Rxb6 40.
Rxc5 f6 41. Kd3 g5 42. Rc2 Kd7 43. Kc4 Rc6+ 44. Kb3 Rxc2 45. Kxc2 Kc6 46. Kb3
Kc5 47. g3 g6 48. h4 gxh4 49. gxh4 a5 50. Ka3 Kc4 0-1

[Event "Amager Aabne Klubmesterskab 2014"]
[Site "Sundbyoster"]
[Date "2014.02.11"]
[Round "2"]
[White "Brorsen, Kristian"]
[Black "Nielsen, Bjorn"]
[Result "1-0"]
[WhiteElo "1225"]
[BlackElo "1081"]
[PlyCount "57"]
[EventDate "2014.??.??"]

1. d4 d5 2. Nc3 e6 3. Nf3 Nf6 4. Bf4 Bd6 5. Qd2 Bxf4 6. Qxf4 Qd6 7. Ne5 b6 8.
e3 Ba6 9. O-O-O Bxf1 10. Rhxf1 Nbd7 11. Rd3 O-O-O 12. Nxf7 Qxf4 13. exf4 c5 14.
Nxh8 Rxh8 15. h3 Re8 16. Nb5 Kb8 17. Ra3 a5 18. Re1 c4 19. f3 Nh5 20. f5 Nf4
21. fxe6 Nf6 22. g4 g5 23. h4 h6 24. hxg5 hxg5 25. Nd6 Rg8 26. e7 Ng2 27. Re5
Kc7 28. e8=Q Nxe8 29. Nxe8+ 1-0

[Event "Amager Aabne Klubmesterskab 2014"]
[Site "Sundbyoster"]
[Date "2014.02.11"]
[Round "2"]
[White "Gade, Jens"]
[Black "Stanislaus, Johann"]
[Result "0-1"]
[WhiteElo "1320"]
[BlackElo "1651"]
[PlyCount "64"]
[EventDate "2014.??.??"]

1. f4 c5 2. Nf3 g6 3. e3 Bg7 4. Be2 Nf6 5. Nc3 Nc6 6. b3 Ne4 7. Bb2 b6 8. O-O
Bb7 9. Na4 Nf6 10. Nc3 O-O 11. a3 d5 12. Na2 d4 13. Bd3 Nd5 14. Qe2 e5 15. fxe5
Nxe5 16. Nxe5 Bxe5 17. exd4 Bg7 18. c4 Nc7 19. Rae1 Re8 20. Qf2 Qd7 21. Be2
cxd4 22. d3 Bh6 23. Bc1 Bxc1 24. Nxc1 Re3 25. b4 Rae8 26. Nb3 R8e5 27. Nxd4 Qe7
28. Qf6 Rg5 29. g3 Rexg3+ 30. hxg3 Qe3+ 31. Qf2 Rxg3+ 32. Kh2 Rh3+ 0-1

[Event "Amager Aabne Klubmesterskab 2014"]
[Site "Sundbyoster"]
[Date "2014.02.11"]
[Round "2"]
[White "Gram, Mathias Laerkegaard"]
[Black "Jensen, Thore Nyboe"]
[Result "0-1"]
[WhiteElo "1501"]
[BlackElo "1956"]
[PlyCount "116"]
[EventDate "2014.??.??"]

1. f4 Nf6 2. Nf3 d5 3. c3 c5 4. d3 Nc6 5. Qc2 d4 6. e4 dxe3 7. Bxe3 Nd5 8. Bd2
Bg4 9. Be2 e6 10. Na3 a6 11. Nc4 Qc7 12. g3 O-O-O 13. O-O-O f6 14. Rhe1 Kb8 15.
Ne3 Bh5 16. Nxd5 exd5 17. Nh4 Bf7 18. Bg4 g6 19. Be6 Bd6 20. Bxf7 Qxf7 21. Re2
Rhe8 22. Rde1 Rxe2 23. Rxe2 Re8 24. Qd1 c4 25. Rxe8+ Qxe8 26. dxc4 dxc4 27. Nf3
Qe4 28. Be1 Bc5 29. Nd2 Qe3 30. Kc2 Qd3+ 31. Kc1 Be3 32. h4 f5 33. Qc2 Qe2 34.
Qd1 Qg2 35. Kb1 Qg1 36. Qe2 Bxd2 37. Qxd2 Kc7 38. Kc2 Qh1 39. Qe3 h5 40. Bf2
Qe4+ 41. Qxe4 fxe4 42. b3 b5 43. Bc5 Nd8 44. Kd2 Ne6 45. Bf2 Kd6 46. b4 Kd5 47.
Ke3 Ng7 48. Be1 Nf5+ 49. Ke2 Nh6 50. Bd2 Ke6 51. Be1 Ng4 52. a3 Kf5 53. Bd2 Nh2
54. Be1 Ng4 55. Bd2 Nf6 56. Be1 Nd5 57. Bd2 Kg4 58. Be1 e3 0-1

[Event "Amager Aabne Klubmesterskab 2014"]
[Site "Sundbyoster"]
[Date "2014.02.11"]
[Round "2"]
[White "Lontoft, Sven"]
[Black "Tronning, Mark Philip"]
[Result "1-0"]
[WhiteElo "1757"]
[BlackElo "1341"]
[PlyCount "173"]
[EventDate "2014.??.??"]

1. c4 c6 2. Nc3 d5 3. cxd5 cxd5 4. d4 Nc6 5. Bf4 Bf5 6. e3 e6 7. Rc1 Bd6 8.
Bxd6 Qxd6 9. Bb5 Nge7 10. Nf3 O-O 11. Nh4 Bg6 12. O-O Rac8 13. Nxg6 fxg6 14.
Be2 Nf5 15. Bg4 Qd7 16. Ne2 Qe8 17. Nf4 Rd8 18. Qb3 Qe7 19. Nd3 Rc8 20. Bf3
Ncxd4 21. exd4 Nxd4 22. Qd1 Nxf3+ 23. gxf3 Qg5+ 24. Kh1 Rxc1 25. Qxc1 Qf5 26.
Qe3 Qxf3+ 27. Qxf3 Rxf3 28. Ne5 Rf5 29. Nd3 e5 30. Kg2 e4 31. Nc5 b6 32. Ne6
Kf7 33. Nd4 Rg5+ 34. Kh3 a5 35. Rc1 Rh5+ 36. Kg3 Rg5+ 37. Kf4 Rg2 38. Ke5 Rxf2
39. Rc7+ Kg8 40. Ke6 h6 41. Kxd5 Rxb2 42. Rc8+ Kh7 43. Rc2 Rb1 44. Kxe4 g5 45.
Kf5 Rf1+ 46. Ke5 g4 47. Nf5 Re1+ 48. Kf4 Re6 49. Kxg4 Rg6+ 50. Kf4 a4 51. Nd4
h5 52. Kf3 Rg4 53. Ne6 g6 54. Rb2 Rc4 55. Nf4 b5 56. Rg2 Rc6 57. Nd5 Rd6 58.
Nb4 Rd4 59. a3 Rc4 60. Rc2 Kh6 61. Rxc4 bxc4 62. Nd5 Kg5 63. Nc3 Kf5 64. Nxa4
g5 65. Nc3 g4+ 66. Kg3 Ke5 67. a4 Kd4 68. a5 Kxc3 69. a6 Kd2 70. a7 c3 71. a8=Q
c2 72. Qd5+ Ke1 73. Qe4+ Kd2 74. Qd4+ Ke2 75. Qc3 Kd1 76. Qd3+ Kc1 77. Kh4 Kb2
78. Qb5+ Ka2 79. Qc4+ Kb2 80. Qb4+ Kc1 81. Kxh5 Kd1 82. Qxg4+ Kd2 83. Qg2+ Kc3
84. Qxc2+ Kxc2 85. h4 Kd3 86. Kg6 Ke4 87. h5 1-0

[Event "Amager Aabne Klubmesterskab 2014"]
[Site "Sundbyoster"]
[Date "2014.02.11"]
[Round "2"]
[White "Oftedal, Simon Manuel"]
[Black "Petersen, Nils"]
[Result "0-1"]
[WhiteElo "1389"]
[BlackElo "1852"]
[PlyCount "106"]
[EventDate "2014.??.??"]

1. e4 c5 2. d4 cxd4 3. c3 Nf6 4. e5 Nd5 5. cxd4 e6 6. Nf3 b6 7. Bc4 Bb7 8. O-O
Be7 9. Be3 O-O 10. Qc2 f5 11. Nc3 Nxc3 12. Qxc3 Na6 13. a3 Rc8 14. Qd3 Nc7 15.
Bd2 h6 16. Bb4 Nd5 17. Bxe7 Qxe7 18. Rac1 Qf7 19. Ba6 Nf4 20. Qb5 Rxc1 21. Rxc1
Bxf3 22. gxf3 Qg6+ 23. Kf1 Qg2+ 24. Ke1 Qxf3 25. Qxd7 Ng2+ 26. Kf1 Nf4 27. Ke1
Qd5 28. Qxd5 Nxd5 29. Rc6 Kf7 30. Bc4 Rd8 31. Rd6 Rxd6 32. exd6 Ke8 33. Bb5+
Kd8 34. Kd2 Nf6 35. f3 Ne8 36. d7 Nf6 37. Ke3 Nxd7 38. Kf4 g5+ 39. Ke3 Nf6 40.
Bc4 Ke7 41. b4 Kd6 42. a4 Nd5+ 43. Bxd5 Kxd5 44. Kd3 g4 45. fxg4 fxg4 46. Ke3
h5 47. b5 h4 48. Kf4 g3 49. hxg3 hxg3 50. Kxg3 Kxd4 51. Kf2 Kc4 52. Ke3 Kb4 53.
Kd4 Kxa4 0-1

[Event "Amager Aabne Klubmesterskab 2014"]
[Site "Sundbyoster"]
[Date "2014.02.11"]
[Round "2"]
[White "Petersen, Albert Emil Lyng"]
[Black "Petersen, Christian Skibsted"]
[Result "0-1"]
[WhiteElo "1463"]
[BlackElo "1522"]
[PlyCount "50"]
[EventDate "2014.??.??"]

1. e4 e6 2. d3 d5 3. Nd2 Nf6 4. e5 Nfd7 5. Ngf3 c5 6. g3 Nc6 7. Qe2 Qc7 8. Bg2
Ndxe5 9. Nxe5 Qxe5 10. Qxe5 Nxe5 11. O-O Bd6 12. Re1 O-O 13. f4 Nc6 14. f5 Nd4
15. Rb1 Nxc2 16. Re2 Nd4 17. Rf2 Nxf5 18. Nb3 Bd7 19. Bd2 Rac8 20. Rc1 c4 21.
dxc4 dxc4 22. Na5 Bc5 23. Be1 Bxf2+ 24. Bxf2 b6 25. Nb7 Bc6 0-1

[Event "Amager Aabne Klubmesterskab 2014"]
[Site "Sundbyoster"]
[Date "2014.02.11"]
[Round "2"]
[White "Severinsen, Frank"]
[Black "Madsen, Michael Leerberg"]
[Result "0-1"]
[WhiteElo "1240"]
[BlackElo "1162"]
[PlyCount "86"]
[EventDate "2014.??.??"]

1. e4 c5 2. d4 cxd4 3. c3 dxc3 4. Nxc3 Nc6 5. Nf3 e6 6. Bc4 a6 7. e5 Bb4 8. O-O
Bxc3 9. bxc3 b5 10. Bb3 Bb7 11. Bg5 Nge7 12. Re1 h6 13. Bh4 Qc7 14. a4 O-O 15.
Bc2 bxa4 16. Nd2 d6 17. Ne4 dxe5 18. Rxa4 Nf5 19. Nf6+ Kh8 20. Bxf5 exf5 21.
Qh5 Ne7 22. Bg5 Qc6 23. f3 Ng8 24. Qh4 Nxf6 25. Rc4 Qb6+ 26. Be3 Qe6 27. Rb4
Bd5 28. Rb6 Bc6 29. Bxh6 gxh6 30. Rxc6 Qxc6 31. Qxh6+ Kg8 32. Qg5+ Kh7 33.
Qxf5+ Kh6 34. Rxe5 Qb6+ 35. Kh1 Rg8 36. Qh3+ Kg7 37. Rg5+ Kf8 38. Qh6+ Ke7 39.
Re5+ Kd7 40. Qd2+ Kc6 41. Qe2 Rge8 42. f4 Rxe5 43. fxe5 Re8 0-1

[Event "Amager Aabne Klubmesterskab 2014"]
[Site "Sundbyoster"]
[Date "2014.02.11"]
[Round "2"]
[White "Sorensen, Johnny"]
[Black "Furberg, Jacob Kjaerulff"]
[Result "0-1"]
[WhiteElo "1300"]
[BlackElo "1200"]
[PlyCount "36"]
[EventDate "2014.??.??"]

1. d4 d5 2. c4 Nf6 3. Nc3 Nc6 4. e3 Bf5 5. Nf3 e6 6. Bd3 Bxd3 7. Qxd3 Nb4 8.
Qe2 dxc4 9. Qxc4 Nc2+ 10. Kd1 Nxa1 11. Re1 Be7 12. e4 O-O 13. e5 Nd5 14. Ne4
Rc8 15. Bd2 b6 16. b4 Qd7 17. a3 Qa4+ 18. Ke2 Qc2 0-1

[Event "Amager Aabne Klubmesterskab 2014"]
[Site "Sundbyoster"]
[Date "2014.02.11"]
[Round "2"]
[White "Svensson, John Michael"]
[Black "Nielsen, Jan Mose"]
[Result "0-1"]
[WhiteElo "1563"]
[BlackElo "2059"]
[PlyCount "38"]
[EventDate "2014.??.??"]

1. d4 d5 2. c4 c5 3. cxd5 Qxd5 4. Nc3 Qxd4 5. Qxd4 cxd4 6. Nb5 Na6 7. Nxd4 e5
8. Nb3 Nb4 9. Kd2 Be6 10. e4 a6 11. Kd1 Nxa2 12. Nc5 Bxc5 13. Nh3 Nf6 14. f3
Ke7 15. Bd3 Rhd8 16. Ke2 Nb4 17. Bb1 Bc4+ 18. Ke1 Rd7 19. Bd2 Rad8 0-1

[Event "Amager Aabne Klubmesterskab 2014"]
[Site "Sundbyoster"]
[Date "2014.02.25"]
[Round "3"]
[White "Lontoft, Sven"]
[Black "Nielsen, Jan Mose"]
[Result "0-1"]
[WhiteElo "1757"]
[BlackElo "2059"]
[PlyCount "104"]
[EventDate "2014.??.??"]

1. e4 c5 2. Nf3 Nc6 3. d4 cxd4 4. Nxd4 e5 5. Nb3 a5 6. a4 Nf6 7. f3 Nxe4 8.
fxe4 Qh4+ 9. Kd2 Be7 10. Qf3 d5 11. Be2 dxe4 12. Qg3 Qh6+ 13. Kd1 g5 14. Nc3 f5
15. Qf2 Be6 16. Bd2 O-O-O 17. Kc1 Bxb3 18. cxb3 Nd4 19. Bc4 Bc5 20. Qg3 f4 21.
Qg4+ Kb8 22. Nxe4 Qg6 23. Re1 Rc8 24. Qxg5 Nxb3+ 25. Kd1 Qxg5 26. Nxg5 Nxd2 27.
Kxd2 Bb4+ 28. Ke2 Bxe1 29. Be6 Rc6 30. Kxe1 h6 31. Nf7 Rg8 32. Bd5 Rf6 33. Kf2
Re8 34. Re1 e4 35. Rd1 Re7 36. Rd4 e3+ 37. Ke2 Rfxf7 38. Bxf7 Rxf7 39. Re4 Kc7
40. Kf3 Kd6 41. g3 fxg3+ 42. Kxg3 Re7 43. Rxe7 Kxe7 44. Kf3 Kd6 45. Kxe3 Kc5
46. Kf4 Kb4 47. Kf5 Kxa4 48. Kg6 Kb3 49. Kxh6 Kxb2 50. h4 a4 51. Kg6 a3 52. h5
a2 0-1

[Event "Amager Aabne Klubmesterskab 2014"]
[Site "Sundbyoster"]
[Date "2014.02.25"]
[Round "3"]
[White "Svensson, John Michael"]
[Black "Petersen, Christian Skibsted"]
[Result "0-1"]
[WhiteElo "1563"]
[BlackElo "1522"]
[PlyCount "40"]
[EventDate "2014.??.??"]

1. d4 e6 2. e4 d5 3. e5 c5 4. c3 Nc6 5. Bb5 Bd7 6. Bxc6 Bxc6 7. Nf3 Qb6 8. O-O
O-O-O 9. a4 c4 10. Na3 Qa5 11. Nb5 Bxb5 12. axb5 Qxa1 13. Qc2 Qa5 14. b4 Qxb5
15. Bf4 h6 16. Ra1 a6 17. Ra5 Qb6 18. Qa2 g5 19. Bg3 Ne7 20. Rc5+ Nc6 0-1

[Event "Amager Aabne Klubmesterskab 2014"]
[Site "Sundbyoster"]
[Date "2014.03.11"]
[Round "4"]
[White "Kinch, Peder"]
[Black "Petersen, Albert Emil Lyng"]
[Result "1-0"]
[WhiteElo "1222"]
[BlackElo "1463"]
[PlyCount "53"]
[EventDate "2014.??.??"]

1. f4 f5 2. Nf3 Nf6 3. b3 g6 4. Bb2 Bg7 5. c4 O-O 6. e3 d6 7. Be2 Nc6 8. Na3
Qe8 9. Nc2 e5 10. fxe5 dxe5 11. d3 Bd7 12. Ba3 Ne7 13. Nxe5 Rd8 14. Nxd7 Nxd7
15. Rb1 Bc3+ 16. Kf1 Ne5 17. d4 Ng4 18. Qd3 Nd5 19. cxd5 Ba5 20. Bxf8 Qxf8 21.
Bxg4 fxg4+ 22. Ke2 Rxd5 23. Rhf1 Qd6 24. Qe4 Qa6+ 25. Qd3 Qd6 26. b4 Qxh2 27.
Qe4 1-0

[Event "Amager Aabne Klubmesterskab 2014"]
[Site "Sundbyoster"]
[Date "2014.03.11"]
[Round "4"]
[White "Oftedal, Simon Manuel"]
[Black "Madsen, Michael Leerberg"]
[Result "1-0"]
[WhiteElo "1389"]
[BlackElo "1162"]
[PlyCount "107"]
[EventDate "2014.??.??"]

1. e4 c5 2. Nf3 d6 3. d4 cxd4 4. Nxd4 Nf6 5. Nc3 a6 6. Be3 e5 7. Nb3 Be6 8. Bg5
Be7 9. Nd5 O-O 10. Nxe7+ Qxe7 11. Bxf6 gxf6 12. Qd2 b5 13. O-O-O Bxb3 14. axb3
Nd7 15. Qxd6 Qxd6 16. Rxd6 Ra7 17. Be2 Kg7 18. Bg4 Nc5 19. Bf5 Rc7 20. Kd2 b4
21. h4 Rfc8 22. Ke3 Rc6 23. Rhd1 R8c7 24. Rxc6 Rxc6 25. g4 h6 26. Rd8 Ne6 27.
Bxe6 fxe6 28. Kd3 Rb6 29. Rd7+ Kg6 30. Ra7 Rd6+ 31. Ke2 Rc6 32. Kd2 Rb6 33. Rd7
f5 34. f3 fxg4 35. fxg4 Kf6 36. Rd3 a5 37. Rf3+ Kg6 38. Rf1 Rd6+ 39. Ke2 Rc6
40. Rc1 Rc7 41. c4 Rc5 42. Rg1 a4 43. bxa4 Rxc4 44. Kd3 Rd4+ 45. Ke3 b3 46. Ra1
Kf7 47. a5 Rd8 48. a6 Ke7 49. a7 Ra8 50. Kd3 Kd7 51. Kc3 Kc7 52. Kxb3 Kb7 53.
Kb4 Rd8 54. a8=Q+ 1-0

[Event "Amager Aabne Klubmesterskab 2014"]
[Site "Sundbyoster"]
[Date "2014.03.11"]
[Round "4"]
[White "Petersen, Christian Skibsted"]
[Black "Nielsen, Jan Mose"]
[Result "0-1"]
[WhiteElo "1522"]
[BlackElo "2059"]
[PlyCount "68"]
[EventDate "2014.??.??"]

1. Nf3 Nf6 2. g3 b6 3. Bg2 Bb7 4. d4 e6 5. c4 d6 6. Nc3 Nbd7 7. O-O h5 8. Bg5
Qc8 9. Re1 Nh7 10. h4 Nxg5 11. Nxg5 Bxg2 12. Kxg2 Be7 13. Nf3 Qb7 14. b4 g5 15.
hxg5 Bxg5 16. e4 Bf6 17. Rc1 O-O-O 18. Qd2 Kb8 19. a4 Be7 20. a5 h4 21. g4 Rdg8
22. Nh2 f5 23. f3 fxg4 24. fxg4 Bg5 25. Qe2 h3+ 26. Kh1 Bxc1 27. Rxc1 Rg6 28.
c5 Nf6 29. b5 bxa5 30. b6 axb6 31. cxb6 cxb6 32. Rb1 Rc8 33. Na4 Nxe4 34. Kg1
Nc3 0-1

[Event "Amager Aabne Klubmesterskab 2014"]
[Site "Sundbyoster"]
[Date "2014.03.11"]
[Round "4"]
[White "Tronning, Mark Philip"]
[Black "Brorsen, Kristian"]
[Result "0-1"]
[WhiteElo "1341"]
[BlackElo "1225"]
[PlyCount "132"]
[EventDate "2014.??.??"]

1. d4 d5 2. c4 c6 3. Nc3 Nf6 4. Bg5 Nbd7 5. e3 g6 6. Nf3 Bg7 7. cxd5 cxd5 8.
Bd3 Nb6 9. Ne5 Nh5 10. Bb5+ Kf8 11. g4 Nf6 12. Qf3 Be6 13. h3 h5 14. Bxf6 exf6
15. Nd3 hxg4 16. hxg4 Rxh1+ 17. Qxh1 Bxg4 18. Nc5 a6 19. Bd3 f5 20. Nxb7 Qe7
21. Nc5 Bxd4 22. Kd2 Bxc3+ 23. bxc3 Kg7 24. Nxa6 Qe5 25. Qb1 Nc4+ 26. Bxc4 dxc4
27. Qb6 Qd5+ 28. Ke1 Qd3 29. Qd4+ Qxd4 30. exd4 Rxa6 31. a4 Bf3 32. a5 Re6+ 33.
Kf1 g5 34. a6 Be4 35. a7 Re8 36. Ke2 f4 37. f3 Ba8+ 38. Kf2 Kf6 39. Ra4 Rc8 40.
Rb4 Rc7 41. Ra4 Ke7 42. Ra5 f6 43. Ra6 Rc6 44. Ra5 Rb6 45. d5 Kd7 46. Rc5 Ra6
47. Rxc4 Bxd5 48. Rd4 Kc6 49. c4 Be6 50. Rd8 Rxa7 51. Rf8 Rf7 52. Re8 Kd7 53.
Ra8 Bxc4 54. Ra4 Bb3 55. Ra7+ Kc6 56. Ra3 Bd5 57. Ra6+ Kb5 58. Ra3 Rc7 59. Rd3
Rc2+ 60. Ke1 Kc4 61. Ra3 Rc3 62. Ra6 Bxf3 63. Rxf6 Kd3 64. Rd6+ Ke3 65. Re6+
Be4 66. Kd1 f3 0-1

[Event "Amager Aabne Klubmesterskab 2014"]
[Site "Sundbyoster"]
[Date "2014.03.18"]
[Round "5"]
[White "Furberg, Jacob Kjaerulff"]
[Black "Gade, Jens"]
[Result "1-0"]
[WhiteElo "1200"]
[BlackElo "1320"]
[PlyCount "113"]
[EventDate "2014.??.??"]

1. d4 d5 2. Nc3 Nf6 3. Bg5 e6 4. Nf3 c5 5. e3 cxd4 6. exd4 Be7 7. Bd3 O-O 8.
O-O a6 9. h3 Nc6 10. a3 Bd7 11. Ne5 Nxe5 12. dxe5 Ne8 13. Bxe7 Qxe7 14. b4 Rc8
15. Qd2 f6 16. Rae1 fxe5 17. Rxe5 Qf6 18. f4 Nd6 19. Ne2 Nc4 20. Bxc4 Rxc4 21.
Nd4 Rfc8 22. Rf3 Qg6 23. c3 Rf8 24. Qe3 Rf6 25. f5 exf5 26. Rxd5 Qf7 27. Re5
Kf8 28. a4 Rc8 29. a5 Re8 30. c4 Rxe5 31. Qxe5 Qxc4 32. Nxf5 Bxf5 33. Rxf5 Kf7
34. Rxf6+ gxf6 35. Qd6 Qc6 36. Qxc6 bxc6 37. Kf2 Ke6 38. Ke3 Ke5 39. g4 h6 40.
h4 Kd5 41. Kf4 Kc4 42. Kf5 Kxb4 43. Kxf6 c5 44. g5 hxg5 45. hxg5 c4 46. g6 c3
47. g7 c2 48. g8=Q c1=Q 49. Qg5 Qc5 50. Qd2+ Qc3+ 51. Qxc3+ Kxc3 52. Ke5 Kb4
53. Kd4 Kb3 54. Kc5 Ka4 55. Kb6 Kb4 56. Kxa6 Kc5 57. Kb7 1-0

[Event "Amager Aabne Klubmesterskab 2014"]
[Site "Sundbyoster"]
[Date "2014.03.18"]
[Round "5"]
[White "Kinch, Peder"]
[Black "Sorensen, Johnny"]
[Result "1-0"]
[WhiteElo "1222"]
[BlackElo "1300"]
[PlyCount "87"]
[EventDate "2014.??.??"]

1. f4 d5 2. Nf3 Nf6 3. b3 c5 4. Bb2 Bf5 5. e3 Nc6 6. Bb5 Qc7 7. Na3 e6 8. c4
O-O-O 9. Bxc6 bxc6 10. Rc1 d4 11. Qe2 dxe3 12. Be5 exd2+ 13. Nxd2 Qa5 14. Bb2
Ne4 15. Nab1 Rd7 16. O-O Nxd2 17. Nxd2 Bd3 18. Qf3 Kb7 19. Rfe1 Qxd2 20. Bc3
Qxa2 21. Re3 Bg6 22. Re2 Qa6 23. Ra1 Qb6 24. Ba5 Qa6 25. Rea2 Kb8 26. Bc7+ Rxc7
27. Rxa6 Bd6 28. g4 f5 29. g5 Rhc8 30. Kg2 Bf8 31. Qe3 Bf7 32. Qe5 Rd8 33. Rxa7
Bd6 34. Ra8+ Kb7 35. Rxd8 Bxe5 36. fxe5 Bh5 37. Raa8 Re7 38. Rdb8+ Kc7 39. Ra7+
Kxb8 40. Rxe7 Bd1 41. Rxg7 Bxb3 42. Rxh7 f4 43. g6 Bc2 44. Rh8+ 1-0

[Event "Amager Aabne Klubmesterskab 2014"]
[Site "Sundbyoster"]
[Date "2014.03.18"]
[Round "5"]
[White "Lontoft, Sven"]
[Black "Petersen, Nils"]
[Result "1/2-1/2"]
[WhiteElo "1757"]
[BlackElo "1852"]
[PlyCount "54"]
[EventDate "2014.??.??"]

1. e4 c5 2. Nf3 e6 3. d4 cxd4 4. Nxd4 Nc6 5. Be3 a6 6. Nd2 Nf6 7. Be2 d5 8.
Nxc6 bxc6 9. e5 Nd7 10. f4 Bc5 11. Bxc5 Nxc5 12. b4 Na4 13. Nb1 O-O 14. c4 Nb2
15. Qc2 Nxc4 16. Bxc4 dxc4 17. Qxc4 Qd5 18. Qxd5 cxd5 19. Nd2 a5 20. b5 a4 21.
Nf3 Bd7 22. Nd4 Rfb8 23. Rb1 Rb6 24. Kd2 Kf8 25. Rhc1 Ke8 26. Rc5 Kd8 27. Kc3
Rb7 1/2-1/2